[Event "AUTO-OPEN-3333"]
[Site "http://www.queenalice.com/game.php?id=1309817"]
[Date "2014.9.22"]
[Round "1"]
[White "Boeing"]
[Black "Plotnnikov"]
[Result "0-1"]
[WhiteElo "1882"]
[BlackElo "2462"]

1. e4 c5 2. c4 g6 3. Nf3 Bg7 4. Bd3 Nc6 5. O-O d6 6. Re1 e6 7. Nc3 Nge7 8. a3
O-O 9. Re2 Bd7 10. Qb3 Qc7 11. Nb5 Qb8 12. Re3 f5 13. exf5 Nxf5 14. Bxf5 Rxf5
15. g4 Rf7 16. Ng5 Rf4 17. Nxe6 Bxe6 18. Rxe6 Qc8 19. Qe3 Rxg4+ 20. Kf1 Be5 21.
Qf3 Qxe6 22. Nc7 Qxc4+ 23. d3 Qd4 24. Nxa8 Bxh2 25. Ke2 Qe5+ 26. Qe3 Nd4+ 27.
Kd2 Bf4 0-1

[Event "AUTO-OPEN-3333"]
[Site "http://www.queenalice.com/game.php?id=1309818"]
[Date "2014.9.22"]
[Round "1"]
[White "Plotnnikov"]
[Black "Boeing"]
[Result "1-0"]
[WhiteElo "2458"]
[BlackElo "1863"]

1. e4 e5 2. d4 exd4 3. Nf3 c5 4. Bc4 Nf6 5. O-O Be7 6. e5 Ng4 7. h3 Nh6 8. c3 d5
9. exd6 Qxd6 10. cxd4 cxd4 11. Nxd4 O-O 12. Nc3 Rd8 13. Nd5 g5 14. Nb5 Qd7 15.
Qh5 Bf8 16. Nf6+ Kh8 17. Nxd7 Rxd7 18. Re1 1-0

[Event "AUTO-OPEN-3333"]
[Site "http://www.queenalice.com/game.php?id=1309835"]
[Date "2014.9.22"]
[Round "1"]
[White "Plotnnikov"]
[Black "Severynnas"]
[Result "1-0"]
[WhiteElo "2459"]
[BlackElo "1534"]

1. e4 e5 2. Nf3 Nc6 3. Bb5 Nd4 4. Nxd4 exd4 5. O-O a6 6. Bc4 b5 7. Bxf7+ Kxf7 8.
Qh5+ g6 9. Qd5+ Ke8 10. Qxa8 Nf6 11. e5 Nh5 12. Qe4 c5 13. d3 Bg7 14. g4 a5 15.
gxh5 gxh5 16. f4 Qh4 17. Qa8 Kf7 18. Qd5+ Ke7 19. Nd2 b4 20. Ne4 Bf8 21. Qxc5+
Kd8 22. Qxa5+ Ke8 23. Nf6+ Ke7 24. Qc7 Ba6 25. Qxd7# 1-0

[Event "AUTO-OPEN-3333"]
[Site "http://www.queenalice.com/game.php?id=1309836"]
[Date "2014.9.22"]
[Round "1"]
[White "Severynnas"]
[Black "Plotnnikov"]
[Result "0-1"]
[WhiteElo "1541"]
[BlackElo "2474"]

1. d4 c5 2. d5 g6 3. Bf4 Bg7 4. Nc3 Qb6 5. b3 Bxc3+ 6. Bd2 Bxa1 7. Qxa1 Nf6 8.
c4 O-O 9. Bg5 Ne4 10. Bxe7 Qb4+ 11. Kd1 Qd2# 0-1

[Event "AUTO-ELITE-1339"]
[Site "http://www.queenalice.com/game.php?id=1321991"]
[Date "2014.11.13"]
[Round "2"]
[White "Fquita"]
[Black "Plotnnikov"]
[Result "1/2-1/2"]
[WhiteElo "2507"]
[BlackElo "2461"]

1. d4 Nf6 2. Nf3 g6 3. Bf4 Bg7 4. e3 O-O 5. Be2 d6 6. h3 c5 7. c3 cxd4 8. exd4
Nc6 9. O-O Bf5 10. Bd3 Bxd3 11. Qxd3 Nh5 12. Bh2 e6 13. Nbd2 Qc7 14. d5 Ne5 15.
Nxe5 dxe5 16. dxe6 1/2-1/2

[Event "AUTO-ELITE-1339"]
[Site "http://www.queenalice.com/game.php?id=1321992"]
[Date "2014.11.13"]
[Round "2"]
[White "Plotnnikov"]
[Black "Fquita"]
[Result "1/2-1/2"]
[WhiteElo "2455"]
[BlackElo "2512"]

1. e4 e5 2. Nf3 Nc6 3. Bb5 Nf6 4. d3 Bc5 5. Bxc6 dxc6 6. O-O Qe7 7. Nbd2 O-O 8.
Nc4 Nd7 9. c3 Bd6 10. Be3 Nb6 11. Nxd6 cxd6 12. d4 Bg4 13. h3 Bh5 14. g4 Bg6
1/2-1/2

[Event "AUTO-OPEN-3267"]
[Site "http://www.queenalice.com/game.php?id=1322082"]
[Date "2014.11.14"]
[Round "2"]
[White "sovay"]
[Black "Plotnnikov"]
[Result "1-0"]
[WhiteElo "2651"]
[BlackElo "2457"]

1. e4 e6 2. d4 d5 3. Nd2 c5 4. Ngf3 Nf6 5. exd5 exd5 6. Bb5+ Bd7 7. Bxd7+ Nbxd7
8. O-O Be7 9. dxc5 Nxc5 10. Nb3 Nce4 11. Nfd4 O-O 12. Nf5 Re8 13. Nxe7+ Qxe7 14.
Be3 b6 15. Re1 Qe5 16. f3 Nd6 17. Nd4 Rac8 18. Bf2 Qg5 19. h4 Qg6 20. Rxe8+ Rxe8
21. Qd2 Nc4 22. Qc3 Nh5 23. Re1 Rxe1+ 24. Bxe1 Nf4 25. g3 Ne6 26. Nc6 Kf8 27. b3
Nd6 28. Qe5 1-0

[Event "AUTO-OPEN-3267"]
[Site "http://www.queenalice.com/game.php?id=1322083"]
[Date "2014.11.14"]
[Round "2"]
[White "Plotnnikov"]
[Black "sovay"]
[Result "0-1"]
[WhiteElo "2454"]
[BlackElo "2656"]

1. e4 d5 2. exd5 Qxd5 3. Nc3 Qa5 4. d4 Nf6 5. Nf3 Bf5 6. Ne5 c6 7. Nc4 Qd8 8.
Be3 e6 9. Bd3 Bxd3 10. Qxd3 Nbd7 11. O-O-O Nd5 12. g4 N7f6 13. g5 Nxc3 14. Qxc3
Nd5 15. Qe1 Nxe3 16. fxe3 Qd5 17. b3 Qxg5 18. Rg1 Qe7 19. Kb1 O-O-O 20. e4 Kb8
21. e5 Qc7 22. Rg3 Rd7 23. c3 h5 24. Rgd3 b5 25. Nd2 c5 26. Ne4 cxd4 27. Rxd4
Rxd4 28. cxd4 Ba3 29. Qd2 Rc8 30. Rf1 Qc6 31. Nc5 Bxc5 32. dxc5 Qe4+ 0-1

[Event "AUTO-OPEN-3267"]
[Site "http://www.queenalice.com/game.php?id=1322089"]
[Date "2014.11.14"]
[Round "2"]
[White "pgrzelak"]
[Black "Plotnnikov"]
[Result "0-1"]
[WhiteElo "1905"]
[BlackElo "2461"]

1. d4 Nf6 2. Nc3 d5 3. Nf3 c5 4. e3 Nc6 5. Bb5 e6 6. Ne5 Qc7 7. Bd2 Bd6 8. Bxc6+
bxc6 9. Qf3 O-O 10. O-O-O Rb8 11. Na4 cxd4 12. exd4 Ne4 13. Bf4 f6 14. Nd3 e5
15. Be3 Qa5 16. Nac5 Bxc5 17. dxc5 Qxa2 0-1

[Event "AUTO-OPEN-3277"]
[Site "http://www.queenalice.com/game.php?id=1323926"]
[Date "2014.11.24"]
[Round "3"]
[White "AAABBB"]
[Black "Plotnnikov"]
[Result "1-0"]
[WhiteElo "2732"]
[BlackElo "2462"]

1. d4 Nf6 2. c4 e6 3. Nf3 b6 4. g3 Ba6 5. b3 Bb7 6. Bg2 Bb4+ 7. Bd2 a5 8. O-O
O-O 9. a3 Be7 10. Nc3 d5 11. Bf4 Nbd7 12. Nd2 c5 13. e3 g6 14. Re1 Qc8 15. a4
Bc6 16. Rc1 dxc4 17. bxc4 cxd4 18. exd4 Bxg2 19. Kxg2 Qb7+ 20. Kg1 Bb4 21. Nb5
Nb8 22. Qb3 Rc8 23. Qe3 Na6 24. h4 h5 25. Red1 Be7 26. Bg5 1-0

[Event "AUTO-OPEN-3277"]
[Site "http://www.queenalice.com/game.php?id=1323927"]
[Date "2014.11.24"]
[Round "3"]
[White "Plotnnikov"]
[Black "AAABBB"]
[Result "0-1"]
[WhiteElo "2459"]
[BlackElo "2735"]

1. d4 Nf6 2. c4 e6 3. Nf3 d5 4. g3 Be7 5. Bg2 O-O 6. O-O c5 7. dxc5 Bxc5 8. cxd5
exd5 9. Bg5 Nc6 10. Qc2 Bb6 11. Nc3 Be6 12. Rad1 h6 13. Bh4 Qe7 14. Qc1 Rfd8 15.
Qf4 d4 16. Ne4 Nd5 17. Bxe7 Nxf4 18. Bxd8 Nxe2+ 19. Kh1 Rxd8 20. a3 f5 21. Ned2
d3 22. b4 g5 23. Ng1 Kf7 24. Bf3 Ned4 25. Bg2 Nc2 0-1

[Event "AUTO-OPEN-3264"]
[Site "http://www.queenalice.com/game.php?id=1325080"]
[Date "2014.11.29"]
[Round "2"]
[White "artur59"]
[Black "Plotnnikov"]
[Result "1-0"]
[WhiteElo "2679"]
[BlackElo "2449"]

1. d4 Nf6 2. c4 e6 3. Nc3 Bb4 4. e3 O-O 5. Bd3 d5 6. Nf3 b6 7. O-O Bb7 8. cxd5
exd5 9. a3 Bd6 10. b4 a6 11. Qb3 Nbd7 12. a4 Qe7 13. Ba3 Rfb8 14. h3 c5 15. dxc5
bxc5 16. bxc5 Nxc5 17. Qc2 Nxd3 18. Bxd6 Qxd6 19. Qxd3 Rc8 20. Rfb1 Rc7 21. a5
Re8 22. Rb6 Qd7 23. Rd1 Rc5 24. Qd4 Rc7 25. Ne2 Ne4 26. Qb4 Qc8 27. Rb1 Rc4 28.
Qb3 Nc5 29. Qa2 Re7 30. Nd2 Ra4 31. Qb2 Rc7 32. Rc1 Rxa5 33. Nd4 1-0

[Event "AUTO-OPEN-3264"]
[Site "http://www.queenalice.com/game.php?id=1325081"]
[Date "2014.11.29"]
[Round "2"]
[White "Plotnnikov"]
[Black "artur59"]
[Result "0-1"]
[WhiteElo "2450"]
[BlackElo "2663"]

1. e4 c5 2. Nf3 d6 3. d4 cxd4 4. Nxd4 Nf6 5. Nc3 a6 6. Bc4 e6 7. O-O Be7 8. Bb3
O-O 9. f4 b5 10. e5 dxe5 11. fxe5 Nfd7 12. Be3 Nxe5 13. Qh5 Qc7 14. Rae1 Nbd7
15. Bf4 Bc5 16. Rd1 Bb7 17. Ne2 Bd6 18. c3 Rae8 19. a4 Nf6 20. Qh3 Neg4 0-1

[Event "AUTO-OPEN-3264"]
[Site "http://www.queenalice.com/game.php?id=1325088"]
[Date "2014.11.29"]
[Round "2"]
[White "Plotnnikov"]
[Black "duschgel"]
[Result "1-0"]
[WhiteElo "2453"]
[BlackElo "2055"]

1. d4 Nf6 2. c4 g6 3. g3 d5 4. cxd5 Nxd5 5. Nf3 Bg7 6. Nc3 O-O 7. Bg2 Na6 8. O-O
c5 9. Nxd5 Qxd5 10. Be3 cxd4 11. Nxd4 Qd8 12. Qd2 Rb8 13. Rfd1 Bd7 14. Rac1 Nc7
15. b3 Ne6 16. Nxe6 Bxe6 17. Qb4 Qe8 18. Bc5 Bf6 19. e4 b6 20. Be3 Rc8 21. Rxc8
Qxc8 22. Rc1 Qa6 23. a4 Rc8 24. Rxc8+ Qxc8 25. a5 Bc3 26. Qxe7 Bxb3 27. a6 Qxa6
28. Bh6 Qc8 29. e5 Qb8 30. Qa3 Qxe5 31. Qf8# 1-0

[Event "AUTO-OPEN-3264"]
[Site "http://www.queenalice.com/game.php?id=1325089"]
[Date "2014.11.29"]
[Round "2"]
[White "duschgel"]
[Black "Plotnnikov"]
[Result "0-1"]
[WhiteElo "2142"]
[BlackElo "2459"]

1. c4 g6 2. g3 Bg7 3. Bg2 e5 4. Nc3 d6 5. e4 Nc6 6. Nge2 f5 7. O-O Nf6 8. d3 O-O
9. f4 fxe4 10. dxe4 exf4 11. Nxf4 Ne5 12. b3 c6 13. Ba3 Qa5 14. Bxd6 Qxc3 15.
Rc1 Qe3+ 0-1

[Event "AUTO-OPEN-3333"]
[Site "http://www.queenalice.com/game.php?id=1345966"]
[Date "2015.3.6"]
[Round "2"]
[White "Plotnnikov"]
[Black "MarTraM"]
[Result "1/2-1/2"]
[WhiteElo "2446"]
[BlackElo "2404"]

1. d4 e6 2. e4 d5 3. Nd2 c5 4. exd5 exd5 5. Ngf3 Nf6 6. Bb5+ Bd7 7. Bxd7+ Nbxd7
8. O-O Be7 9. dxc5 Nxc5 10. Nb3 Ne6 11. Re1 O-O 12. Be3 Re8 13. Nbd4 Qc7 14. c3
a6 15. Nf5 Rac8 16. Qa4 Nc5 17. Qh4 Nd3 18. Bb6 Qxb6 19. Nxe7+ Rxe7 20. Rxe7
Qxb2 21. Rf1 h6 22. Qd4 Kf8 23. Re3 Nc5 24. Nh4 Ne6 25. Ng6+ fxg6 26. Rxe6 Qxc3
27. Qa7 Rc7 28. Rb6 Kg8 29. Rxb7 Rxb7 30. Qxb7 a5 31. Qb3 Qd2 32. Rd1 Qe2 33. h3
Kh7 34. f3 d4 35. Qd3 Qxa2 36. Qxd4 Qe2 37. Qd2 Qe5 38. Re1 Qc5+ 39. Qe3 Qb4 40.
Ra1 a4 41. Qa7 Nh5 42. Qxa4 Qc5+ 43. Kh1 Ng3+ 44. Kh2 Ne2 45. Qa5 Qd6+ 46. Kh1
Ng3+ 47. Kg1 Ne2+ 48. Kf1 Nf4 49. Qc3 Qb6 50. Qc2 Qb5+ 51. Kg1 Ne2+ 52. Kh1
1/2-1/2

[Event "AUTO-OPEN-3333"]
[Site "http://www.queenalice.com/game.php?id=1345967"]
[Date "2015.3.6"]
[Round "2"]
[White "MarTraM"]
[Black "Plotnnikov"]
[Result "0-1"]
[WhiteElo "2405"]
[BlackElo "2445"]

1. d4 Nf6 2. c4 e6 3. Nf3 b6 4. e3 Bb7 5. Bd3 d5 6. cxd5 exd5 7. O-O Bd6 8. Nc3
O-O 9. Bd2 c5 10. Nb5 Be7 11. Nc3 Nc6 12. a3 c4 13. Bf5 a6 14. Ne5 Nxe5 15. dxe5
Nd7 16. e6 Nc5 17. Qg4 fxe6 18. Bxe6+ Nxe6 19. Qxe6+ Kh8 20. Ne2 Rf6 21. Qg4 d4
22. Ng3 Rg6 23. Qf5 d3 24. e4 Qc7 25. Rac1 b5 26. Bf4 Bd6 27. Bxd6 Qxd6 28. Qf7
Bc6 29. f3 Rf6 30. Qh5 Rg6 31. Rf2 Re8 32. Qh4 Bd7 33. Nf1 Rf8 34. Re1 Qd4 35.
Ne3 a5 36. Nd5 h6 37. Kf1 Rg5 38. g3 b4 39. axb4 axb4 40. Ra1 c3 41. bxc3 bxc3
42. Nxc3 Qxc3 43. Ra6 Qc5 44. e5 Bc6 45. Rxc6 Qxc6 46. Kg2 Rxe5 47. Qd4 Rxf3 48.
Rxf3 Re2+ 0-1